Subdivision capitals closest to Oradea (RO) - Statistics

General Stats
  • This quiz has been taken 15 times
  • The average score is 12 of 20
Answer Stats
Distance (km) Answer % Correct
7 131 Cluj-Napoca
100%
1 58 Debrecen
89%
13 154 Timișoara
89%
5 108 Arad
78%
6 109 Satu Mare
78%
15 167 Alba Iulia
67%
9 142 Baia Mare
67%
11 150 Eger
67%
4 101 Nyíregyháza
67%
14 163 Szeged
67%
3 84 Zalău
67%
2 76 Békéscsaba
56%
12 150 Deva
56%
10 144 Miskolc
56%
8 132 Szolnok
56%
16 170 Kecskemét
44%
19 192 Košice
44%
18 177 Užhorod
44%
20 192 Reșița
22%
17 176 Kikinda
11%
No matching quizzes found
Score Distribution
Percent of People with Each Score
Percentile by Number Answered
Your Score History
You have not taken this quiz